| Tag |
First Indicator |
Second Indicator |
Subfields |
| LEADER |
00000cam a2200000 a 4500 |
| 001 |
in00000877613 |
| 005 |
20151019134216.0 |
| 008 |
880511s1989 enka b 00110 eng |
| 010 |
|
|
|a 88016652
|
| 020 |
|
|
|a 0631155325 (pbk.) :
|c $18.00 (est.)
|
| 020 |
|
|
|a 0631155317 :
|c $55.00 (est.)
|
| 035 |
|
|
|a (OCoLC)18015646
|
| 035 |
|
|
|9 AEK0907AM
|
| 040 |
|
|
|a DLC
|c DLC
|d TXA
|d UtOrBLW
|
| 043 |
|
|
|a n-us---
|a ew-----
|a e-ur---
|
| 049 |
|
|
|a TXAM
|c [A12356498]
|
| 050 |
0 |
0 |
|a U105
|b .P335 1989
|
| 082 |
0 |
0 |
|a 355/.02
|2 19
|
| 100 |
1 |
|
|a Payne, Samuel B.
|
| 245 |
1 |
4 |
|a The conduct of war :
|b an introduction to modern warfare /
|c Samuel Payne, Jr.
|
| 264 |
|
1 |
|a Oxford, OX, UK ;
|a New York, NY, USA :
|b Basil Blackwell,
|c 1989.
|
| 300 |
|
|
|a xiv, 309 pages :
|b illustrations ;
|c 24 cm.
|
| 336 |
|
|
|a text
|b txt
|2 rdacontent
|
| 337 |
|
|
|a unmediated
|b n
|2 rdamedia
|
| 338 |
|
|
|a volume
|b nc
|2 rdacarrier
|
| 504 |
|
|
|a Bibliography: pages [284]-298.
|
| 500 |
|
|
|a Includes index.
|
| 536 |
|
|
|a Cushing copy donated by The Alan Mathis Memorial Military History Collection, 1997.
|
| 650 |
|
0 |
|a Military art and science.
|
| 650 |
|
0 |
|a Nuclear warfare.
|
| 650 |
|
0 |
|a National security
|z United States.
|
| 650 |
|
0 |
|a National security
|z Europe.
|
| 650 |
|
0 |
|a National security
|z Soviet Union.
|
| 999 |
|
|
|a MARS
|
| 999 |
f |
f |
|s 56955200-c84f-39c8-8063-586612aa60c6
|i b3a7b94a-5451-3420-9924-fdf9555d1f3b
|t 0
|
| 952 |
f |
f |
|p noncirc
|a Texas A&M University
|b College Station
|c Cushing Memorial Library & Archives
|d Cushing: Ragan Military (Does not check out)
|t 0
|e U105 .P335 1989
|h Library of Congress classification
|i unmediated -- volume
|
| 952 |
f |
f |
|p normal
|a Texas A&M University
|b College Station
|c Sterling C. Evans Library
|d Evans: Library Stacks
|t 0
|e U105 .P335 1989
|h Library of Congress classification
|i unmediated -- volume
|m A14812356498
|
| 998 |
f |
f |
|a U105 .P335 1989
|t 0
|l Evans: Library Stacks
|
| 998 |
f |
f |
|a U105 .P335 1989
|t 0
|l Cushing: Ragan Military (Does not check out)
|